Comedias autógrafas de Lope de Vega / (Record no. 26527)
[ view plain ]
| 000 -CABECERA | |
|---|---|
| campo de control de longitud fija | 00710nam a2200181 a 4500 |
| 001 - NÚMERO DE CONTROL | |
| campo de control | 000027035 |
| 005 - FECHA Y HORA DE LA ÚLTIMA TRANSACCIÓN | |
| campo de control | 20200930030548.0 |
| 008 - DATOS DE LONGITUD FIJA--INFORMACIÓN GENERAL | |
| campo de control de longitud fija | 110329s1991 sp 000 0 spa d |
| 040 ## - FUENTE DE LA CATALOGACIÓN | |
| Centro catalogador/agencia de origen | DO-SdBNP |
| Lengua de catalogación | spa |
| Centro/agencia transcriptor | BNPHU |
| 082 ## - NÚMERO DE LA CLASIFICACIÓN DECIMAL DEWEY | |
| Número de clasificación | xxx |
| Número de documento/Ítem | xxx |
| 100 1# - ENTRADA PRINCIPAL--NOMBRE DE PERSONA | |
| Nombre de persona | Vega, Lópe de |
| Fechas asociadas al nombre | 1562-1635 |
| 9 (RLIN) | 3084 |
| 245 10 - MENCIÓN DE TÍTULO | |
| Título | Comedias autógrafas de Lope de Vega / |
| Mención de responsabilidad, etc. | Lopez de Vega ; prólogo Alonso Zamora Vicente. |
| 260 ## - PUBLICACIÓN, DISTRIBUCIÓN, ETC. | |
| Lugar de publicación, distribución, etc. | Malaga, España : |
| Nombre del editor, distribuidor, etc. | Real Academia Española, |
| Fecha de publicación, distribución, etc. | 1991. |
| 300 ## - DESCRIPCIÓN FÍSICA | |
| Extensión | 432 p. ; |
| Dimensiones | 32 cm. |
| 500 ## - NOTA GENERAL | |
| Nota general | Homenaje del Excmo. Ayuntamiento de Málaga a la Real Academia Española |
| 533 ## - NOTA DE REPRODUCCIÓN | |
| Tipo de reproducción | 3 comedias atutógrafas de Lope de Vega |
| Lugar de la reproducción | España |
| Institución responsable de la reproducción | Excmo. Ayuntamiento de Málaga |
| Fecha de la reproducción | 1991 |
| 700 1# - PUNTO DE ACCESO ADICIONAL--NOMBRE DE PERSONA | |
| Nombre de persona | Zamora Vicente, Alonso |
| 9 (RLIN) | 3327 |
| Estado de retiro | Estado de pérdida | Restricciones de uso | No para préstamo | Código de colección | Localización permanente | Ubicación/localización actual | Ubicación en estantería | Fecha de adquisición | Número de inventario | Total de préstamos | Signatura topográfica completa | Código de barras | Fecha visto por última vez | Precio válido a partir de | Tipo de ítem Koha | Número de copia |
|---|---|---|---|---|---|---|---|---|---|---|---|---|---|---|---|---|
| Excluido de préstamo | Monografías: Libros y Folletos | General | General | Depósito | 29.03.2011 | LF1 | xxx xxx | 27035-10 | 25.06.2020 | 25.06.2020 | No se presta | |||||
| Excluido de préstamo | Monografías: Libros y Folletos | General | General | Depósito | 12.05.2011 | LF1 | xxx xxx | 27035-20 | 25.06.2020 | 25.06.2020 | No se presta | e. 2 |
